01004nam a2200241Ia 4500001000600000003000900006008004100015040001300056040001300069041001300082100001700095100002900112245008800141245009200229250001100321260002400332260001300356260004900369300005900418500021300477650004100690650003100731F8491IT-RoPAU130308s9999 xx 000 0 und d aIT-RoPAU cIT-RoPAU aITALIANO aSassi Silvio gCodice Aut. SPICS: 9119 aFormare presbiteri capaci di comunicare nel contesto della cultura di comunicazione bSeminarium-De Formatione Sacerdotali in Communicatione Sociali (N.2 Aprile-Giugno 1998) a1a ed. aCITTA' DEL VATICANO bVaticana c1998 [1° Ed.:1998 - Ed.Ling.Originale:1998] a"13 p. (prefazione: no ; testo: 13 [pagine: 349-361])" aIdentità€ del Presbitero e cambiamenti nella Storia. Ecclesiologia e Presbitero Comunicatore. Cultura di Comunicazione e Presbitero Comunicatore. scelte Ecclesiali di Comunicazione e Presbitero Comunicatore. aSAGGI TEOLOGIA COMUNICAZIONE SOCIALE eCodice materia Spics: 9211